Statistics for Disney Trivia!( Very hard)

Click here to take the quiz!

General Stats

  • This quiz has been taken 163 times
  • The average score is 12 of 15

Answer Stats

QuestionAnswer% Correct
What does Hakuna Matata mean?No worries
99%
Angelina Jolie brought which Disney villain to life?Maleficent
96%
Who is Mufasa’s trusted advisor in The Lion King?Zazu
94%
What is the name of Belle’s father in Beauty and the Beast?Maurice
92%
What is the name of Andy’s neighbor in Toy Story?Sid
91%
How many fingers(including the thumb) does Mickey Mouse have on 1 hand?4
88%
What is the name of Wendy’s dog in Peter Pan?Nana
88%
What is the name of the toy store in Toy Story 2?Al's Toy Barn
86%
What is the name of Ariel and Prince Eric’s daughter?Princess Melody
84%
Which Disney Princess sings “Once Upon a Dream”?Aurora
76%
How many brothers does Prince Hans of the Southern Isles have in Frozen?12
73%
Genie was stuck in the lamp for how many years before Aladdin found him?10,000 years
71%
What year did Disneyland open?1955
70%
What was the first Pixar movie?Toy Story
67%
What were Mickey Mouse's first spoken words ever?Hot dog
30%

Score Distribution

Percentile by Number Answered

Percent of People with Each Score

Your Score History

You have not taken this quiz